Delayed deeds (Record no. 79920)

MARC details
000 -LEADER
fixed length control field 01186cab a22002415a 4500
001 - CONTROL NUMBER
control field L142717
008 - FIXED-LENGTH DATA ELEMENTS--GENERAL INFORMATION
fixed length control field 080304e20080226xxk f 000 0 eng d
035 ## - SYSTEM CONTROL NUMBER
System control number (Sirsi) u142717
041 0# - LANGUAGE CODE
Language code of text/sound track or separate title eng
100 1# - MAIN ENTRY--PERSONAL NAME
Personal name Marshall, Richard
245 00 - TITLE STATEMENT
Title Delayed deeds
260 ## - PUBLICATION, DISTRIBUTION, ETC.
Date of publication, distribution, etc. 2008
490 ## - SERIES STATEMENT
Series statement Solicitors' Journal
Volume/sequential designation 152(8) 26 February 2008, 22(1)
520 ## - SUMMARY, ETC.
Summary, etc. Considers unusual aspects of conveyancing transactions which have been highlighted by legal cases recently. In a case where a deed is delivered in escrow, it is important to clearly state the terms and conditions for unconditional delivery. If transactions are delayed, it should be restated that the conditions are unfulfilled and so the deed will remain in escrow. The recipient of a deed from escrow should seek to clarify the conditions upon which a deed has been sent.
590 ## - LOCAL NOTE (RLIN)
Local note KA
650 24 - SUBJECT ADDED ENTRY--TOPICAL TERM
Topical term or geographic name entry element BANK OF SCOTLAND V KING
650 24 - SUBJECT ADDED ENTRY--TOPICAL TERM
Topical term or geographic name entry element BENTRAY INVESTMENTS LTD V VENNER TIME SWITCHES LTD
650 24 - SUBJECT ADDED ENTRY--TOPICAL TERM
Topical term or geographic name entry element BARCLAYS BANK V ESTATES AND COMMERCIAL LTD
650 24 - SUBJECT ADDED ENTRY--TOPICAL TERM
Topical term or geographic name entry element LAND REGISTRATION ACT 2002 S24
651 #4 - SUBJECT ADDED ENTRY--GEOGRAPHIC NAME
Geographic name England and Wales
Chronological subdivision 1543-
690 ## - LOCAL SUBJECT ADDED ENTRY--TOPICAL TERM (OCLC, RLIN)
Topical term or geographic name as entry element PROPERTY-PROPERTY ACQUISITION AND DISPOSAL-CONVEYANCING
942 ## - ADDED ENTRY ELEMENTS (KOHA)
Suppress in OPAC 0
Holdings
Withdrawn status Lost status Source of classification or shelving scheme Damaged status Not for loan Home library Current library Shelving location Date acquired Total Checkouts Full call number Barcode Date last seen Copy number Price effective from Koha item type
    Dewey Decimal Classification     London London Journal article 04/03/2008   L142717 142717-1001 06/08/2019 1 06/08/2019 Journal article